logo

Bir Sreshtho Munshi Abdur Rouf Library
Jhenaidah Cadet College

Pathway to Pakistan / (Record no. 7495)

MARC details
000 -LEADER
fixed length control field 00706cam a2200241u 4500
001 - CONTROL NUMBER
JCCL Control Number 7495
003 - CONTROL NUMBER IDENTIFIER
JCCL marc code BD-JhCC
005 - DATE AND TIME OF LATEST TRANSACTION
control field 20180211102304.0
008 - FIXED-LENGTH DATA ELEMENTS--GENERAL INFORMATION
fixed length control field 830118s1961 pk a 000 0 eng
035 ## - SYSTEM CONTROL NUMBER
system control number (BD-JhCC)7495
040 ## - CATALOGING SOURCE
Original cataloging agency DLC
Transcribing agency CarP
Modifying agency DLC
-- BD-JhCC
041 ## - LANGUAGE CODE
Language code of Book eng
050 00 - LIBRARY OF CONGRESS CALL NUMBER
Classification number DS385.K48
Item number A3
082 ## - DEWEY DECIMAL CLASSIFICATION NUMBER
Author mark and Year KHA 1961
Classification number 954.035
100 1# - MAIN ENTRY--PERSONAL NAME
Personal name Khaliquzzaman, Choudhry,
Dates associated with a name 1889- [from old catalog]
245 10 - TITLE STATEMENT
Title Pathway to Pakistan /
Statement of responsibility, etc Choudhry Khaliquzzaman,
260 ## - PUBLICATION, DISTRIBUTION, ETC. (IMPRINT)
Place of publication, distribution, etc [Lahore]
Name of publisher, distributor, etc Longmans, Pakistan Branch
Date of publication, distribution, etc [1961]
300 ## - PHYSICAL DESCRIPTION
Pagination 432 p.
Other physical details illus.
Dimensions 25 cm.
651 #0 - SUBJECT ADDED ENTRY--GEOGRAPHIC NAME
Geographic name India
General subdivision Politics and government
Chronological subdivision 1919-1947.
651 #0 - SUBJECT ADDED ENTRY--GEOGRAPHIC NAME
Geographic name Pakistan. [from old catalog]
942 ## - ADDED ENTRY ELEMENTS (KOHA)
Source of classification or shelving scheme Dewey Decimal Classification
Koha item type Books
Holdings
Source of classification or shelving scheme Damaged status Not for loan Home library Current library Shelving location Total Checkouts Full call number Barcode Date last seen Copy number Koha item type
Dewey Decimal Classification     JCC Rouf Library JCC Rouf Library General Stacks   954.035 KHA 1961 10076 02/10/2018 C - 1 Books

JCC Library | Contacts | JCC Home

Last Update on 23 September 2017
Copyright @ 2017-2020 JCC Rouf Library
Rouf Library, Jhenidah Cadet College (JCC), Bangladesh